Lo Scandalo Urbanistico : storia di un progetto di legge /

Gespeichert in:
Bibliographische Detailangaben
1. Verfasser: Sullo, Fiorentino (Verfasst von)
Format: Buch
Sprache:Italienisch
Veröffentlicht: Firenze : Vallecchi Editore, 1964
Ausgabe:1. vydanie
Schriftenreihe:Mezzo Secolo, 5
Schlagworte:
Tags: Tag hinzufügen
Keine Tags, Fügen Sie das erste Tag hinzu!

MARC

LEADER 00000nam a22000003a 4500
001 0108233
003 SK-STU
005 20240201142958.4
007 ta
008 240201s ----xo-----e------000-0-----d
040 |a STU  |b slo 
041 0 |a ita 
044 |a it 
100 1 |a Sullo, Fiorentino  |4 aut 
245 1 0 |a Lo Scandalo Urbanistico :  |b storia di un progetto di legge /  |c aut. Fiorentino Sullo 
250 |a 1. vydanie 
260 |a Firenze :  |b Vallecchi Editore,  |c 1964 
300 |a 512 s. 
490 0 |a Mezzo Secolo,  |v 5 
650 0 7 |a urbanizmus a územné plánovanie 
650 0 7 |a urbanizmus - teória 
996 |b 284AU09905  |c A* 13273/U  |l AAKNAR  |s A  |a 24  |w 0108233_0001